U.S. States with the Highest Percentage of Italians - Statistics

General Stats
  • This quiz has been taken 25 times
  • The average score is 9 of 10
Answer Stats
Hint Answer % Correct
14.82% Connecticut
100%
13.13% New Jersey
100%
10.75 New York
100%
10.47% Pennsylvania
100%
14.38% Rhode Island
100%
10.77% Massachusetts
92%
9.57% New Hampshire
92%
8.06% Delaware
88%
7.44% Vermont
83%
5.68% Ohio
79%
No matching quizzes found
Score Distribution
Percent of People with Each Score
Percentile by Number Answered
Your Score History
You have not taken this quiz